| 000 | 00373nam a2200157Ia 4500 | ||
|---|---|---|---|
| 008 | 230524s9999 xx 000 0 und d | ||
| 020 | _a8186340742 | ||
| 082 |
_a4.16 _bBAS |
||
| 100 | _aSuresh K.Basandra | ||
| 245 | 0 | _aComputers Today | |
| 260 |
_aNEW DELHI _bGalgotia _c2009 |
||
| 300 | _aLXVI;1470 | ||
| 500 | _aQuantity Number: 21 | ||
| 650 | _aComp-Sc | ||
| 942 | _cBK | ||
| 999 |
_c6387 _d6387 |
||